| 000 | 00614cam a22002293 4500 | ||
|---|---|---|---|
| 001 | 12092227 | ||
| 005 | 20180109075746.0 | ||
| 008 | 830616s1879 nyua 000 1 eng | ||
| 010 | _a 22000391 | ||
| 035 | _a(DLC) 22000391 | ||
| 040 |
_aDLC _cCarP _dDLC |
||
| 041 | _aeng | ||
| 080 | _a82 ROL | ||
| 082 | _a82 ROL | ||
| 100 | 1 | _a21 | |
| 101 | _aGJL | ||
| 245 | 0 | 0 | _aShakespeare's tragedy of Othello, |
| 530 | _aAlso available in digital form on the Internet Archive Web site. | ||
| 740 | 0 | _aOthello. | |
| 906 |
_a0 _bcbc _cpremunv _du _encip _f19 _gy-gencatlg |
||
| 942 |
_2ddc _cBK |
||
| 999 |
_c39936 _d39936 |
||